000 01573cam0 2200385 ib4500
001 BY-HR0003-br601955
005 20241118115617.0
010 ^a978-5-17-160297-0
^bв переплете
035 ^a(BY-MI0000)BY-HR0003-br601955
100 ^a20240625d2024 d y0rusy50 ca
101 1 ^arus
^cchi
102 ^aRU
105 ^aa z 000ay
109 ^ama
200 1 ^aБелый волк
^e[повесть
^eдля среднего школьного возраста]
^fШэнь Шиси
^g[перевод с китайского З. Коробициной]
210 ^aМосква
^cАСТ
^d2024
215 ^a174, [1] с.
^cил.
^d22 см
225 1 ^aСерия "Легенды Китая"
333 ^a12+
345 ^92000 экз.
608 ^aПОВЕСТЬ
^2BYGNR
^3BY-NLB-ar23936
606 ^aКИТАЙСКАЯ ЛИТЕРАТУРА
^3BY-NLB-ar13440
^2DVNLB
606 ^aХУДОЖЕСТВЕННАЯ ЛИТЕРАТУРА
^3BY-NLB-ar37179
^2DVNLB
606 ^aЗАРУБЕЖНАЯ ЛИТЕРАТУРА
^3BY-NLB-ar10779
^2DVNLB
608 ^aДЕТСКАЯ И ЮНОШЕСКАЯ ЛИТЕРАТУРА (художеств. произведение)
^3BY-NLB-ar9019
^2BYGNR
686 ^a84(Кит)-4
^2rubbk
690 ^a1
^2Base
^9BY-MI0000
^xRSEK
700 1 ^aШэнь Шиси
702 1 ^aКоробицина
^bЗ.
^gЗлата
^4730
801 0 ^aBY
^bBY-HR0003
^c20240625
^gRCR
801 2 ^aBY
^bBY-MI0000
^c20241007
^gRCR
899 0 ^aBY-MI0000
^iШ98
^h84(5Кит)